00524nam a22001697a 450000500170000001000150001702000270003203500140005903700130007308200120008610000220009824500590012026000350017927000700021430000200028450000500030420151001122023.0 aENG-113772 a9789383334209c1100.00 aEN- 97304 bDBAD/PUB a305.409 aDevi Laishram, R. aGender history around the globe /cby R. Devi Laishram aDelhibA.K. Publicationsc2014 aB-61./E-1, Gali No.14, Jagat Puri Extn. Shahdara bDelhi e110093 a272p.c23cm(Hb) aIncludes bibliographical references and index